[Event "Barcelona Nadal op 3rd"]
[Site "Barcelona"]
[Date "2012.12.31"]
[Round "5"]
[White "Juan Bartroli, Pau"]
[Black "Prats Rodriguez, Juan Bosco"]
[Result "1-0"]
[WhiteElo "2069"]
[BlackElo "2015"]
[PlyCount "111"]
[EventDate "2012.12.27"]
[EventType "swiss"]
[EventRounds "9"]
[EventCountry "ESP"]
[SourceTitle "EXT 2015"]
[Source "ChessBase"]
[SourceDate "2014.11.20"]
[SourceVersion "1"]
[SourceVersionDate "2014.11.20"]
[SourceQuality "1"]

1. d4 d5 2. c4 dxc4 3. Nf3 a6 4. e3 b5 5. a4 Bb7 6. axb5 axb5 7. Rxa8 Bxa8 8. b3 Nf6 9. bxc4 bxc4 10. Bxc4 e6 11. 0-0 Nbd7 12. Nc3 Be7 13. Qe2 0-0 14. Rd1 Bb4 15. Na2 Bd6 16. Bd3 Ne4 17. Qc2 Ndf6 18. Ne5 Bd5 19. f3 Nc5 20. dxc5 Bxe5 21. f4 Ba1 22. Nb4 Qa8 23. Na6 Qb7 24. c6 Qb6 25. Qc5 Bxc6 26. Ba3 Qxc5 27. Bxc5 Rd8 28. Bxh7+ Kxh7 29. Rxd8 Nd5 30. Nb4 Nxb4 31. Bxb4 Bd5 32. Rd7 c6 33. Rxf7 e5 34. Ra7 Bb2 35. g3 exf4 36. gxf4 Kg6 37. Kf2 Kf5 38. Bf8 g6 39. Bg7 Bc1 40. Ra1 Bd2 41. Ke2 Bb4 42. Kd3 Be7 43. Ra7 Bb4 44. Bc3 Bf8 45. Kd4 Kg4 46. e4 Bb3 47. Rb7 Ba4 48. Bb4 Bh6 49. Bd6 Bb5 50. Rf7 Ba4 51. Ra7 Bb5 52. Rh7 Bxf4 53. Bxf4 Kxf4 54. e5 Kf5 55. Rf7+ Kg5 56. Kc5 1-0

[Event "Figueres op 13th"]
[Site "Figueres"]
[Date "2012.08.16"]
[Round "9"]
[White "Cuadras Avellana, Jordi"]
[Black "Juan Bartroli, Pau"]
[Result "1/2-1/2"]
[WhiteElo "2344"]
[BlackElo "2024"]
[PlyCount "143"]
[EventDate "2012.08.09"]
[EventType "swiss"]
[EventRounds "9"]
[EventCountry "ESP"]
[SourceTitle "CBM 149 Extra"]
[Source "ChessBase"]
[SourceDate "2012.08.24"]
[SourceVersion "1"]
[SourceVersionDate "2012.08.24"]
[SourceQuality "1"]

1. e4 c6 2. d4 d5 3. exd5 cxd5 4. c4 Nf6 5. Nc3 e6 6. Nf3 Bb4 7. Bd3 dxc4 8. Bxc4 0-0 9. 0-0 a6 10. Qe2 Nbd7 11. Bg5 b5 12. Bb3 Re8 13. Ne5 Qb6 14. Rad1 Bb7 15. Rd3 Be7 16. Rfd1 Rad8 17. Rg3 Nxe5 18. dxe5 Rxd1+ 19. Qxd1 Ne4 20. Nxe4 Bxe4 21. Bxe7 Rxe7 22. Qg4 Bg6 23. h4 h5 24. Qg5 Qd8 25. Bc2 Rd7 26. Bxg6 Qxg5 27. Rxg5 fxg6 28. Rxg6 Kf7 29. Rg3 Rd1+ 30. Kh2 Rd2 31. f4 b4 32. Rb3 a5 33. a3 Rd4 34. axb4 a4 35. Rf3 Rxb4 36. Rf2 Kg6 37. g3 Kf5 38. Kh3 Ke4 39. Rd2 Kf3 40. Rc2 Rd4 41. Rc3+ Kf2 42. Rc7 Rd1 43. Rc2+ Kf3 44. Rc3+ Kf2 45. Kh2 Rd2 46. Rc4 Ke3+ 47. Kh3 Rd1 48. Rc3+ Ke2 49. Kh2 Rd2 50. Ra3 Rd4 51. b3 axb3 52. Rxb3 Rd2 53. Kh3 Rd1 54. Kh2 Rd2 55. Rb1 Rc2 56. Kh3 Rc3 57. Rb2+ Kf3 58. Ra2 Re3 59. Rb2 Rc3 60. Ra2 Re3 61. Ra1 Kf2 62. Kh2 Re2 63. Ra3 Rb2 64. g4 g6 65. gxh5 gxh5 66. Rg3 Rb4 67. Rg6 Kf3 68. Rxe6 Rb2+ 69. Kh3 Rb1 70. Kh2 Rb2+ 71. Kh3 Rb1 72. Kh2 1/2-1/2

[Event "Balaguer op 17th"]
[Site "Balaguer"]
[Date "2012.06.22"]
[Round "7"]
[White "Rodon Balcells, Jaume"]
[Black "Juan Bartroli, Pau"]
[Result "0-1"]
[WhiteElo "1864"]
[BlackElo "2000"]
[PlyCount "70"]
[EventDate "2012.06.16"]
[EventType "swiss"]
[EventRounds "9"]
[EventCountry "ESP"]
[SourceTitle "EXT 2013"]
[Source "ChessBase"]
[SourceDate "2012.11.22"]
[SourceVersion "1"]
[SourceVersionDate "2012.11.22"]
[SourceQuality "1"]

1. e4 c5 2. Nf3 Nc6 3. Bb5 e6 4. 0-0 Nge7 5. e5 a6 6. Bxc6 Nxc6 7. Nc3 d5 8. exd6 Bxd6 9. Ne4 Be7 10. b3 0-0 11. Bb2 f6 12. d4 cxd4 13. Nxd4 Nxd4 14. Bxd4 Qc7 15. Qe2 e5 16. Bb2 b5 17. Rfd1 Bb7 18. Rd2 Qc6 19. f3 f5 20. Ng3 Bg5 21. Rdd1 e4 22. fxe4 fxe4 23. Bd4 e3 24. Rf1 Rad8 25. Rxf8+ Rxf8 26. Rf1 Rd8 27. Nf5 Qe4 28. c3 g6 29. Ng3 Qc6 30. Rd1 b4 31. c4 Bf6 32. Bxf6 Rxd1+ 33. Nf1 Re1 34. Qf3 Qxf3 35. gxf3 e2 0-1